| 000 | 00394 a2200145 4500 | ||
|---|---|---|---|
| 245 |
_aSongs of the Marketplace _hprint |
||
| 020 | _a978226606X (pbk.) | ||
| 650 | _aPOETRY | ||
| 005 | 20191021095558.0 | ||
| 260 |
_anr _bNew Horn Press _c1983 |
||
| 084 | _aMLCS 85/1785 (P) | ||
| 300 |
_avi, 90 p. _b 19 cm. _cvi, 90 p. ; 19 cm. |
||
| 500 | _aNiyi Osundare. | ||
| 490 | _aOpon Ifa series ; no. 2 | ||
| 999 |
_c12414 _d12414 |
||